| 000 | 00500nam a2200193Ia 4500 | ||
|---|---|---|---|
| 008 | 260312s9999 xx 000 0 und d | ||
| 082 | _a 331.09 B273h 1971 HNA | ||
| 100 |
_aBarret. Francois _935300 |
||
| 245 | 0 | _aHistoria del trabajo. | |
| 250 | _a4a. edición | ||
| 260 | _aEUDEBA | ||
| 260 | _bBuenos Aires, Argentina | ||
| 260 | _c1971 | ||
| 300 | _a180p. | ||
| 500 | _aColección Humberto Nogueira Alcalá | ||
| 650 |
_aHistoria _9347 |
||
| 650 | _aTrabajo | ||
| 942 |
_2ddc _cLIBRO |
||
| 999 |
_c20125 _d20125 |
||